000
00316nam a2200133Ia 4500
003
OSt
082
_a
IR COVAS/IN
245
_a
Index COVAS Research
260
_a
Mannuthy
_b
College of Veterinary and Animal Science
_c
2000
300
_a
234p.
546
_a
English
650
_a
List of publications
942
_2
ddc
_c
IR
999
_c
15304
_d
15304